[Event "Olympiada sub-16 2014"]
[Site "Gyor HUN"]
[Date "2014.12.16"]
[Round "5.3"]
[White "Maghsoodloo, Parham"]
[Black "Kula, Dominik"]
[Result "1-0"]
[WhiteElo "2415"]
[BlackElo "2018"]
[PlyCount "85"]
[EventDate "2014.12.13"]
[EventType "team-swiss"]
[EventRounds "10"]
[EventCountry "HUN"]
[Source "lmi"]
[SourceDate "2014.12.15"]
[WhiteTeam "Iran"]
[BlackTeam "Czech Republic"]
[WhiteTeamCountry "IRI"]
[BlackTeamCountry "CZE"]

1. e4 c5 2. Nf3 d6 3. Bb5+ Nd7 4. c3 Ngf6 5. Qe2 a6 6. Ba4 b5 7. Bc2 Bb7 8. d3
e6 9. O-O Be7 10. Nbd2 Qc7 11. Re1 Nb6 12. Nf1 d5 13. Ng3 O-O-O 14. e5 Nfd7 15.
d4 Kb8 16. Ng5 Rdf8 17. Nxh7 Rc8 18. Bd3 Qd8 19. Qg4 cxd4 20. cxd4 g6 21. Ng5
Qg8 22. Nf3 Nc4 23. b3 Na3 24. Bg5 Bxg5 25. Qxg5 Nc2 26. Bxc2 Rxc2 27. Rec1 Qc8
28. Ne1 Rc3 29. Ne2 Rxc1 30. Rxc1 Qf8 31. Nd3 Rh5 32. Qf4 g5 33. Qf3 Rh4 34. g3
Rh7 35. Qg2 f5 36. f3 Qh6 37. Rc2 g4 38. Nef4 Rh8 39. fxg4 fxg4 40. Qd2 Rc8 41.
Rxc8+ Bxc8 42. Nf2 Qg5 43. Qe2 1-0

[Event "Olympiada sub-16 2014"]
[Site "Gyor HUN"]
[Date "2014.12.16"]
[Round "5.4"]
[White "Vangsgaard, Freja"]
[Black "Zhou, Qiyu"]
[Result "0-1"]
[WhiteElo "1801"]
[BlackElo "2156"]
[PlyCount "132"]
[EventDate "2014.12.13"]
[EventType "team-swiss"]
[EventRounds "10"]
[EventCountry "HUN"]
[Source "lmi"]
[SourceDate "2014.12.15"]
[WhiteTeam "Denmark"]
[BlackTeam "Canada 1"]
[WhiteTeamCountry "DEN"]

1. d4 Nf6 2. c4 e6 3. Nc3 Bb4 4. e3 O-O 5. Nge2 d5 6. a3 Be7 7. cxd5 exd5 8. b4
c6 9. Ng3 b5 10. Bd2 a5 11. Na2 Na6 12. Bd3 Be6 13. O-O Ra7 14. Qc2 Qa8 15. Qb2
axb4 16. axb4 Nd7 17. Bc3 Nb6 18. Qb1 h6 19. Nc1 Nc4 20. Bc2 Nc7 21. Nd3 Rxa1
22. Qxa1 Qb7 23. Nc5 Qb6 24. Qd1 Na3 25. Bb3 Ra8 26. Qe2 Nc4 27. Ra1 Rxa1+ 28.
Bxa1 Qa7 29. Qa2 Qxa2 30. Bxa2 g6 31. Bb1 Bc8 32. Ne2 Na6 33. Bc3 Kf8 34. Kf1
Bd6 35. g3 Bh3+ 36. Ke1 Nb8 37. Nf4 Bxf4 38. gxf4 Ke7 39. Ke2 Kf6 40. Kf3 Bf1
41. Bd3 Bxd3 42. Nxd3 Nd7 43. Nc5 Ndb6 44. Be1 Kf5 45. Nb7 Na3 46. Nd8 Nc2 47.
Bd2 Nc4 48. Bc3 N4a3 49. Ke2 Kg4 50. Nxc6 Kh3 51. Ne7 Kxh2 52. Nxd5 Nc4 53. Kd3
N2a3 54. Nc7 Nd6 55. d5 h5 56. e4 h4 57. e5 Nb7 58. e6 fxe6 59. dxe6 Kg2 60. e7
Nd6 61. Be5 Nac4 62. Bxd6 Nxd6 63. Nxb5 Ne8 64. Nc3 h3 65. Ne2 Kxf2 66. b5 h2
0-1

[Event "Olympiada sub-16 2014"]
[Site "Gyor HUN"]
[Date "2014.12.16"]
[Round "5.3"]
[White "Doknjas, Joshua"]
[Black "Janik, Igor"]
[Result "1/2-1/2"]
[WhiteElo "2005"]
[BlackElo "2182"]
[PlyCount "94"]
[EventDate "2014.12.13"]
[EventType "team-swiss"]
[EventRounds "10"]
[EventCountry "HUN"]
[Source "lmi"]
[SourceDate "2014.12.15"]
[WhiteTeam "Canada 2"]
[BlackTeam "Poland 1"]

1. e4 c5 2. Nf3 d6 3. Bb5+ Nd7 4. O-O Ngf6 5. d4 cxd4 6. Qxd4 e5 7. Qd3 h6 8.
c4 a6 9. Ba4 b5 10. Bc2 Nc5 11. Qe2 b4 12. Nbd2 Be7 13. a3 Qb6 14. axb4 Qxb4
15. b3 a5 16. Ne1 Be6 17. Ba3 Qb6 18. Nd3 Nxd3 19. Qxd3 O-O 20. Rfd1 Rfd8 21.
Nf1 Ng4 22. Qe2 Bh4 23. g3 Be7 24. Kg2 Qc6 25. f3 Nf6 26. Ne3 Qc8 27. Nf5 Bxf5
28. exf5 Qc6 29. g4 Rac8 30. Bb2 d5 31. Rxa5 dxc4 32. Bxe5 Rxd1 33. Bxd1 Nxg4
34. Bd4 Bf8 35. Ra4 cxb3 36. Bxb3 Nf6 37. Ra6 Qe8 38. Qb2 Be7 39. Ra1 Rb8 40.
Rb1 Rd8 41. Bc3 Qc6 42. Rf1 Nd5 43. Bd2 Bf6 44. Qb1 Bg5 45. Bxd5 Qxd5 46. Bxg5
hxg5 47. Qe4 Qd6 1/2-1/2

[Event "Olympiada sub-16 2014"]
[Site "Gyor HUN"]
[Date "2014.12.16"]
[Round "5.1"]
[White "Shi, Diwen"]
[Black "Markoja, Boris"]
[Result "1/2-1/2"]
[WhiteElo "2147"]
[BlackElo "2335"]
[PlyCount "67"]
[EventDate "2014.12.13"]
[EventType "team-swiss"]
[EventRounds "10"]
[EventCountry "HUN"]
[Source "lmi"]
[SourceDate "2014.12.15"]
[WhiteTeam "Canada 3"]
[BlackTeam "Slovenia"]
[BlackTeamCountry "SLO"]

1. e4 e6 2. d4 d5 3. Nc3 Nf6 4. Bg5 Bb4 5. e5 h6 6. Bc1 Ne4 7. Nge2 c5 8. a3
Nxc3 9. Nxc3 cxd4 10. axb4 dxc3 11. bxc3 Qc7 12. Qd4 Nc6 13. Bb5 Bd7 14. Bxc6
Bxc6 15. O-O O-O 16. Re1 Bb5 17. Re3 Qc4 18. Qxc4 Bxc4 19. Rg3 Kh7 20. Be3 b6
21. h4 Rfb8 22. Rf3 Rb7 23. Rb1 Rc7 24. Bd4 Rd7 25. Re3 a5 26. Bxb6 a4 27. Ra1
a3 28. Bd4 a2 29. f3 Kg6 30. Kf2 Ra6 31. Ke1 f5 32. f4 Ra8 33. Rg3+ Kf7 34. h5
1/2-1/2

[Event "Olympiada sub-16 2014"]
[Site "Gyor HUN"]
[Date "2014.12.18"]
[Round "6.4"]
[White "Zhou, Qiyu"]
[Black "Chetrari, Nikita"]
[Result "0-1"]
[WhiteElo "2156"]
[BlackElo "2117"]
[PlyCount "108"]
[EventDate "2014.12.13"]
[EventType "team-swiss"]
[EventRounds "10"]
[EventCountry "HUN"]
[Source "lmi"]
[SourceDate "2014.12.15"]
[WhiteTeam "Canada 1"]
[BlackTeam "Moldova"]
[BlackTeamCountry "MDA"]

1. d4 Nf6 2. c4 e6 3. Nc3 Bb4 4. e3 O-O 5. Bd3 c5 6. Nge2 cxd4 7. exd4 d5 8.
O-O Nc6 9. Bg5 Be7 10. Qd2 Nb4 11. b3 Nxd3 12. Qxd3 b6 13. Rac1 Ba6 14. Nb1 Rc8
15. Nd2 h6 16. Bf4 Qd7 17. Rfd1 Rfd8 18. Nf3 dxc4 19. bxc4 Nd5 20. Bd2 Qa4 21.
Ne5 f6 22. Bxh6 fxe5 23. Qg3 Bf8 24. Qg4 Nf6 25. Qxe6+ Kh8 26. Bg5 Qd7 27. Qxd7
Rxd7 28. dxe5 Rxd1+ 29. Rxd1 Ne4 30. Be3 Bxc4 31. Nf4 Bxa2 32. e6 g5 33. Ng6+
Kg7 34. Nxf8 Kxf8 35. f3 Nc5 36. Bxg5 Bxe6 37. h4 a5 38. h5 Kg7 39. Be3 a4 40.
g4 a3 41. Kg2 Nb3 42. Bf4 a2 43. Be5+ Kh7 44. g5 Rc5 45. Bf6 Rd5 46. Re1 Nc5
47. Kg3 b5 48. g6+ Kh6 49. g7 Kh7 50. h6 b4 51. Ba1 b3 52. Kh2 b2 53. Bxb2 Rd2+
54. Kg3 Rxb2 0-1

[Event "Olympiada sub-16 2014"]
[Site "Gyor HUN"]
[Date "2014.12.18"]
[Round "6.3"]
[White "Aravindh, Chithambaram Vr"]
[Black "Khomeriki, Nino"]
[Result "1-0"]
[WhiteElo "2476"]
[BlackElo "2141"]
[PlyCount "51"]
[EventDate "2014.12.13"]
[EventType "team-swiss"]
[EventRounds "10"]
[EventCountry "HUN"]
[Source "lmi"]
[SourceDate "2014.12.15"]
[WhiteTeam "India"]
[BlackTeam "Georgia"]
[WhiteTeamCountry "IND"]
[BlackTeamCountry "GEO"]

1. e4 e6 2. d4 d5 3. Nc3 Bb4 4. exd5 exd5 5. Bd3 Nf6 6. Nge2 O-O 7. O-O c6 8.
Ng3 Bg4 9. Nce2 Bd6 10. h3 Bxe2 11. Nxe2 Nh5 12. Ng3 Nxg3 13. fxg3 Qc7 14. Qg4
g6 15. Bh6 Re8 16. Rf6 Na6 17. Raf1 Re7 18. h4 Bxg3 19. h5 Re1 20. Rxe1 Bxe1
21. hxg6 hxg6 22. Bxg6 Qg3 23. Bxf7+ Kh7 24. Bg6+ Kh8 25. Qd7 Bf2+ 26. Kf1 1-0

[Event "Olympiada sub-16 2014"]
[Site "Gyor HUN"]
[Date "2014.12.18"]
[Round "6.1"]
[White "Taalaibekov, Tagir"]
[Black "Dale, Ari"]
[Result "0-1"]
[WhiteElo "2047"]
[BlackElo "2252"]
[PlyCount "131"]
[EventDate "2014.12.13"]
[EventType "team-swiss"]
[EventRounds "10"]
[EventCountry "HUN"]
[Source "lmi"]
[SourceDate "2014.12.15"]
[WhiteTeam "Kyrgyzstan"]
[BlackTeam "Australia"]
[WhiteTeamCountry "KGZ"]
[BlackTeamCountry "AUS"]

1. d4 Nf6 2. c4 g6 3. Nc3 d5 4. Nf3 Bg7 5. Qb3 dxc4 6. Qxc4 O-O 7. e4 Na6 8.
Be2 c5 9. dxc5 Qa5 10. O-O Be6 11. Nd5 Bxd5 12. exd5 Qxc5 13. Be3 Qxc4 14. Bxc4
Nb4 15. Rfd1 Nc2 16. Rac1 Nxe3 17. fxe3 Ng4 18. Bb3 Bh6 19. Rc7 Bxe3+ 20. Kf1
Bf4 21. Rxe7 Ne3+ 22. Ke2 Nxd1 23. Kxd1 Rab8 24. Re4 Bd6 25. Ra4 a6 26. Ng5 h6
27. Ne4 Be5 28. Rc4 Rfd8 29. Rc2 Rbc8 30. Rf2 f5 31. Nd2 b5 32. Nf3 Bf6 33. Ne1
a5 34. a3 a4 35. Ba2 Rd6 36. Nd3 Kf7 37. h3 h5 38. Rf4 Ke7 39. Rb4 Rb6 40. Rf4
h4 41. Rf2 Rd6 42. Rf4 Kd7 43. Rb4 Rb6 44. Rf4 Kd6 45. Rf2 Re8 46. Rc2 Bd4 47.
Nf4 g5 48. Ne6 Bf6 49. Nc7 Reb8 50. Kd2 Bxb2 51. Rxb2 Kxc7 52. Kd3 Kd6 53. Re2
b4 54. axb4 Rxb4 55. Re6+ Kd7 56. Rg6 Rb2 57. Bc4 a3 58. Rg7+ Kd6 59. Rg6+ Ke7
60. Ra6 Rxg2 61. Kd4 g4 62. Ke5 gxh3 63. Ra7+ Kd8 64. Rxa3 h2 65. Rh3 Rb1 66.
Kd4 0-1

[Event "Olympiada sub-16 2014"]
[Site "Gyor HUN"]
[Date "2014.12.18"]
[Round "6.3"]
[White "Egyed, Judit"]
[Black "Samons, Marcelle"]
[Result "1-0"]
[WhiteElo "1914"]
[BlackElo "1539"]
[PlyCount "95"]
[EventDate "2014.12.13"]
[EventType "team-swiss"]
[EventRounds "10"]
[EventCountry "HUN"]
[Source "lmi"]
[SourceDate "2014.12.15"]
[WhiteTeam "Hungary (Girls)"]
[BlackTeam "South Africa (Girls)"]

1. e4 e6 2. d3 d5 3. Nd2 c6 4. Ngf3 Bc5 5. g3 Ne7 6. Bg2 Nd7 7. O-O O-O 8. Re1
Nf6 9. e5 Nd7 10. h4 Nf5 11. Nb3 Bb6 12. d4 c5 13. c3 h6 14. Bh3 c4 15. Nbd2
Bc7 16. Nf1 f6 17. Bxf5 exf5 18. e6 Ne5 19. dxe5 Bxe6 20. Nd4 Re8 21. exf6 Qxf6
22. Nxe6 Rxe6 23. Qxd5 Rae8 24. Qxc4 Bb6 25. Rxe6 Rxe6 26. Be3 Bxe3 27. Nxe3
Qf7 28. Rd1 Kh7 29. Qd5 f4 30. Qf5+ Qg6 31. Qxg6+ Rxg6 32. Nf5 fxg3 33. fxg3
Rb6 34. b3 Kg6 35. g4 h5 36. Rd6+ Rxd6 37. Nxd6 hxg4 38. Nxb7 Kf6 39. c4 Ke5
40. b4 Ke6 41. c5 a6 42. a4 Kd5 43. b5 axb5 44. axb5 Ke6 45. c6 Ke7 46. c7 Kd7
47. b6 g6 48. Nd6 1-0

[Event "Olympiada sub-16 2014"]
[Site "Gyor HUN"]
[Date "2014.12.18"]
[Round "7.4"]
[White "Antal, Tibor Kende"]
[Black "Ghvamberia, Nika"]
[Result "1/2-1/2"]
[WhiteElo "2292"]
[BlackElo "2122"]
[PlyCount "145"]
[EventDate "2014.12.13"]
[EventType "team-swiss"]
[EventRounds "10"]
[EventCountry "HUN"]
[Source "lmi"]
[SourceDate "2014.12.15"]
[WhiteTeam "Hungary 1"]
[BlackTeam "Georgia"]
[BlackTeamCountry "GEO"]

1. d4 Nf6 2. c4 e6 3. Nc3 Bb4 4. e3 c5 5. Nge2 cxd4 6. exd4 d5 7. a3 Be7 8. Nf4
dxc4 9. Bxc4 O-O 10. O-O Nc6 11. Be3 e5 12. dxe5 Nxe5 13. Ba2 Bf5 14. Ncd5 Bd6
15. h3 Nxd5 16. Qxd5 Qe7 17. Rfe1 Rfe8 18. Bd4 Rad8 19. Qb3 Bb8 20. Bc3 Rd7 21.
Re3 Qg5 22. g3 Qd8 23. Rae1 Rde7 24. R1e2 Qd7 25. Qd5 Qxd5 26. Bxd5 Bd6 27. Bd4
b6 28. Kg2 Ng6 29. Nxg6 Rxe3 30. Rxe3 Rxe3 31. fxe3 Bxg6 32. g4 Kf8 33. Kf3 f6
34. h4 h5 35. Be6 Ke7 36. Bf5 Be8 37. b4 g6 38. Bc8 Bc6+ 39. Kf2 hxg4 40. Bxg4
Be8 41. e4 Bf7 42. Be2 Be8 43. Bd1 Bc6 44. Ke3 Be8 45. Kf2 Bf4 46. a4 Bd6 47.
a5 Bxb4 48. axb6 axb6 49. Bxb6 Bc6 50. Ke3 Be8 51. Kf2 Bc3 52. Bc7 Kf8 53. Bf4
Kg7 54. Bg4 Bd4+ 55. Kg2 Bf7 56. Bd7 Bb3 57. Bc6 Kf7 58. Kf3 Ke7 59. Ke2 Bc4+
60. Kf3 Bd3 61. Bd5 Bb5 62. Be3 Be5 63. Bf4 Bc3 64. Be3 Be8 65. Bc5+ Kd8 66.
Kf2 Kc7 67. Ke2 Bb5+ 68. Kf2 Be8 69. Ke2 Be5 70. Kf3 Kc8 71. Kf2 Kc7 72. Kg2
Bd6 73. Bd4 1/2-1/2

[Event "Olympiada sub-16 2014"]
[Site "Gyor HUN"]
[Date "2014.12.18"]
[Round "7.4"]
[White "Doknjas, Joshua"]
[Black "Sieber, Fiona"]
[Result "0-1"]
[WhiteElo "2005"]
[BlackElo "2019"]
[PlyCount "130"]
[EventDate "2014.12.13"]
[EventType "team-swiss"]
[EventRounds "10"]
[EventCountry "HUN"]
[Source "lmi"]
[SourceDate "2014.12.15"]
[WhiteTeam "Canada 2"]
[BlackTeam "Germany"]
[BlackTeamCountry "GER"]

1. e4 c5 2. Nf3 d6 3. Bb5+ Nd7 4. O-O Ngf6 5. d4 a6 6. Bxd7+ Qxd7 7. Nc3 cxd4
8. Qxd4 e5 9. Qd3 h6 10. Nd2 Be7 11. Nc4 Qc6 12. Be3 b5 13. Nb6 Rb8 14. Nxc8
Rxc8 15. a3 O-O 16. Rad1 Rfd8 17. f3 Rd7 18. Rf2 Bd8 19. Rfd2 Ba5 20. Qe2 Bxc3
21. bxc3 Ne8 22. Rd3 Rdc7 23. h4 Qb7 24. Qe1 Rc4 25. Kh2 Qc7 26. Bd2 Qe7 27. g4
R8c6 28. Qg3 Kh7 29. g5 h5 30. Re1 Ra4 31. f4 exf4 32. Qf3 g6 33. e5 d5 34.
Qxd5 Re6 35. Rd4 Nc7 36. Qe4 Rxa3 37. Qd3 Kg7 38. Rxf4 Ra4 39. Rxa4 bxa4 40. c4
Qc5 41. Qe2 Qd4 42. Kh3 Rc6 43. c3 Qd7+ 44. Kh2 Qe6 45. Rf1 Rxc4 46. Rf4 Rxf4
47. Bxf4 Nd5 48. Bd2 Nb6 49. Bc1 Nc4 50. Bf4 a3 51. Qa2 Qc6 52. Bc1 Qc5 53. Kg2
Qd5+ 54. Kf2 Qc5+ 55. Kg2 a5 56. Qe2 Qd5+ 57. Kf2 a4 58. Qa2 Qc5+ 59. Kg2 Qc6+
60. Kf2 Qb6+ 61. Kg2 Qb3 62. Qf2 a2 63. e6 Qb7+ 64. Kh3 a1=Q 65. Qf6+ Kh7 0-1

[Event "Olympiada sub-16 2014"]
[Site "Gyor HUN"]
[Date "2014.12.18"]
[Round "7.4"]
[White "Badelka, Olga"]
[Black "Vangsgaard, Freja"]
[Result "1-0"]
[WhiteElo "1996"]
[BlackElo "1801"]
[PlyCount "59"]
[EventDate "2014.12.13"]
[EventType "team-swiss"]
[EventRounds "10"]
[EventCountry "HUN"]
[Source "lmi"]
[SourceDate "2014.12.15"]
[WhiteTeam "Belarus"]
[BlackTeam "Denmark"]
[WhiteTeamCountry "BLR"]
[BlackTeamCountry "DEN"]

1. d4 Nf6 2. c4 e6 3. Nc3 Bb4 4. e3 b6 5. Nge2 Bb7 6. a3 Be7 7. d5 O-O 8. Nf4
e5 9. Nd3 d6 10. Be2 Ne8 11. O-O f5 12. f4 Nd7 13. e4 fxe4 14. Nxe4 h6 15. Bd2
Nef6 16. Ng3 c6 17. dxc6 Bxc6 18. Bc3 Re8 19. Nb4 Bb7 20. Nd5 Nxd5 21. cxd5
exf4 22. Nf5 Nf6 23. Bh5 Nxh5 24. Qxh5 Bf6 25. Nxh6+ gxh6 26. Qg6+ Kf8 27. Bxf6
Qd7 28. Qxh6+ Kg8 29. Qh8+ Kf7 30. Qg7# 1-0

[Event "Olympiada sub-16 2014"]
[Site "Gyor HUN"]
[Date "2014.12.18"]
[Round "7.1"]
[White "McGovern Leahy, Cian"]
[Black "Buzas, Bertalan"]
[Result "1-0"]
[WhiteElo "1929"]
[BlackElo "2109"]
[PlyCount "117"]
[EventDate "2014.12.13"]
[EventType "team-swiss"]
[EventRounds "10"]
[EventCountry "HUN"]
[Source "lmi"]
[SourceDate "2014.12.15"]
[WhiteTeam "Ireland"]
[BlackTeam "Transdanubium West"]
[WhiteTeamCountry "IRL"]

1. d4 d5 2. c4 e6 3. Nc3 Nf6 4. cxd5 exd5 5. Bg5 Bb4 6. e3 c5 7. dxc5 Nbd7 8.
Bb5 Qa5 9. Bxf6 Qxb5 10. Bd4 Nxc5 11. Bxc5 Qxc5 12. Nge2 O-O 13. a3 Bxc3+ 14.
Nxc3 Rd8 15. Ne2 b6 16. Nd4 Ba6 17. f3 Qe7 18. Kf2 Re8 19. Qd2 Rac8 20. g3 Rc4
21. Rhc1 Rec8 22. Rc2 Qg5 23. Rac1 Qh6 24. Kg2 Re8 25. b3 Rxc2 26. Nxc2 Qe6 27.
Re1 Bc8 28. Nd4 Qh3+ 29. Kg1 h5 30. Qg2 Qd7 31. Qe2 Qd6 32. a4 Bh3 33. Kf2 Re5
34. f4 Re4 35. Qxh5 Bd7 36. Qe2 f6 37. Qh5 Be8 38. Qe2 Bd7 39. Kg1 Qe7 40. Qd2
g5 41. fxg5 fxg5 42. Qf2 Re5 43. Kg2 Bg4 44. Nc6 Qe6 45. Nxe5 Bh3+ 46. Kg1 Qxe5
47. Qf3 Be6 48. Rf1 Kg7 49. h4 g4 50. Qf4 Qe4 51. Qxe4 dxe4 52. b4 Kg6 53. Rc1
a5 54. bxa5 bxa5 55. Rc5 Kh6 56. Rxa5 Kg6 57. Re5 Kh6 58. Rxe6+ Kh5 59. Re5+
1-0

[Event "Olympiada sub-16 2014"]
[Site "Gyor HUN"]
[Date "2014.12.19"]
[Round "8.1"]
[White "Jarmula, Lukasz"]
[Black "Sibashvili, Giorgi"]
[Result "1-0"]
[WhiteElo "2307"]
[BlackElo "2387"]
[PlyCount "79"]
[EventDate "2014.12.13"]
[EventType "team-swiss"]
[EventRounds "10"]
[EventCountry "HUN"]
[Source "lmi"]
[SourceDate "2014.12.15"]
[WhiteTeam "Poland 1"]
[BlackTeam "Georgia"]
[BlackTeamCountry "GEO"]

1. d4 Nf6 2. c4 e6 3. Nf3 c5 4. d5 b5 5. e4 Nxe4 6. Bd3 Nf6 7. O-O Be7 8. Nc3
b4 9. Ne4 exd5 10. Nxf6+ Bxf6 11. Re1+ Kf8 12. Bf4 d6 13. Bc2 Bb7 14. Ba4 Be7
15. Qd2 Nd7 16. Rxe7 Qxe7 17. Re1 Ne5 18. Nxe5 dxe5 19. Rxe5 Qd8 20. cxd5 f6
21. Re8+ Qxe8 22. Bxe8 Rxe8 23. d6 Kf7 24. h4 Re4 25. Bg3 Rhe8 26. Kh2 Bc6 27.
Qd1 g6 28. Qc1 c4 29. Qh6 Kg8 30. Qd2 a5 31. d7 Rd8 32. Qd6 Bxd7 33. Qd5+ Re6
34. Bc7 Rde8 35. Qxd7 c3 36. bxc3 bxc3 37. Bf4 c2 38. Bh6 R6e7 39. Qd5+ Re6 40.
Qc4 1-0

[Event "Olympiada sub-16 2014"]
[Site "Gyor HUN"]
[Date "2014.12.19"]
[Round "8.4"]
[White "Tsolakidou, Stavroula"]
[Black "Nova, Michaela"]
[Result "1-0"]
[WhiteElo "2290"]
[BlackElo "2015"]
[PlyCount "49"]
[EventDate "2014.12.13"]
[EventType "team-swiss"]
[EventRounds "10"]
[EventCountry "HUN"]
[Source "lmi"]
[SourceDate "2014.12.15"]
[WhiteTeam "Greece"]
[BlackTeam "Czech Republic"]
[WhiteTeamCountry "GRE"]
[BlackTeamCountry "CZE"]

1. e4 c5 2. Nf3 d6 3. Bb5+ Nd7 4. O-O Ngf6 5. Re1 a6 6. Bd3 e5 7. c3 Be7 8. Bf1
b6 9. d4 Bb7 10. Nbd2 cxd4 11. cxd4 exd4 12. Nxd4 O-O 13. Nf5 Re8 14. Qb3 Nc5
15. Qg3 g6 16. f3 Bf8 17. b4 Na4 18. Nb3 Nh5 19. Qg4 d5 20. Bg5 Qb8 21. exd5
Bxd5 22. Nh6+ Bxh6 23. Bxh6 b5 24. Qd4 Qa7 25. Rxe8+ 1-0

[Event "Olympiada sub-16 2014"]
[Site "Gyor HUN"]
[Date "2014.12.20"]
[Round "9.3"]
[White "Maghsoodloo, Parham"]
[Black "Janik, Igor"]
[Result "1-0"]
[WhiteElo "2415"]
[BlackElo "2182"]
[PlyCount "219"]
[EventDate "2014.12.13"]
[EventType "team-swiss"]
[EventRounds "10"]
[EventCountry "HUN"]
[Source "lmi"]
[SourceDate "2014.12.15"]
[WhiteTeam "Iran"]
[BlackTeam "Poland 1"]
[WhiteTeamCountry "IRI"]

1. e4 c5 2. Nf3 d6 3. Bb5+ Nd7 4. c3 Ngf6 5. Qe2 a6 6. Ba4 b5 7. Bc2 g6 8. O-O
Bb7 9. d4 Bg7 10. Re1 cxd4 11. cxd4 O-O 12. e5 Bxf3 13. Qxf3 dxe5 14. dxe5 Nh5
15. g4 Nxe5 16. Qe2 Rc8 17. gxh5 Rxc2 18. Qxc2 Nf3+ 19. Kf1 Qd7 20. Qe4 Qh3+
21. Ke2 Nd4+ 22. Kd1 Qxh5+ 23. Re2 Nxe2 24. Qxe2 Qxh2 25. Nd2 Qh1+ 26. Qe1 Qc6
27. Qe4 Qd6 28. Ke2 Rd8 29. Kf1 e5 30. a4 Bh6 31. axb5 axb5 32. Nb3 Qd1+ 33.
Kg2 Bxc1 34. Nxc1 Qd6 35. Ra3 Qf6 36. Nd3 Qg5+ 37. Kf1 Qd2 38. Ra8 Rxa8 39.
Qxa8+ Kg7 40. Qe4 f6 41. Qb7+ Kh6 42. Qxb5 e4 43. Ne1 f5 44. b4 f4 45. Qc4 e3
46. Qxf4+ g5 47. Qf8+ Kg6 48. fxe3 Qxe3 49. Qd6+ Kf7 50. b5 Qh3+ 51. Kg1 Qe3+
52. Kf1 Qh3+ 53. Kf2 Qf5+ 54. Nf3 Qxb5 55. Ne5+ Ke8 56. Qe6+ Kd8 57. Qg8+ Kc7
58. Qxh7+ Kb6 59. Qg6+ Ka7 60. Qg7+ Ka6 61. Qxg5 Qc5+ 62. Ke2 Qc2+ 63. Kf3 Qc3+
64. Ke4 Qb4+ 65. Kd5 Qb5+ 66. Kd4 Qb2+ 67. Ke4 Qe2+ 68. Kf5 Qf2+ 69. Ke6 Qb6+
70. Ke7 Qc5+ 71. Kf7 Qc7+ 72. Kg6 Qd6+ 73. Kg7 Qc7+ 74. Kh6 Qd6+ 75. Ng6 Qh2+
76. Kg7 Qd6 77. Qe3 Qb6 78. Qc3 Kb7 79. Ne7 Qg1+ 80. Kf8 Qf1+ 81. Ke8 Qb5+ 82.
Kd8 Qb6+ 83. Kd7 Qb5+ 84. Ke6 Qb6+ 85. Kf7 Qb5 86. Qf3+ Ka7 87. Qe3+ Kb7 88.
Qe4+ Ka7 89. Qd4+ Kb7 90. Qe4+ Ka7 91. Nc6+ Kb6 92. Ne5 Ka7 93. Ke6 Qb6+ 94.
Kd5 Qd8+ 95. Kc4 Qc7+ 96. Kd3 Qd6+ 97. Kc2 Qc5+ 98. Nc4 Kb8 99. Kc3 Ka7 100.
Qe8 Kb7 101. Kb3 Qd5 102. Kb4 Kc7 103. Qe7+ Qd7 104. Qf6 Kb8 105. Nd6 Kc7 106.
Nb5+ Kc8 107. Kc5 Qd8 108. Qa6+ Kd7 109. Qd6+ Ke8 110. Nc7+ 1-0

[Event "Olympiada sub-16 2014"]
[Site "Gyor HUN"]
[Date "2014.12.20"]
[Round "9.4"]
[White "Badelka, Olga"]
[Black "Toelly, Michael"]
[Result "0-1"]
[WhiteElo "1996"]
[BlackElo "1925"]
[PlyCount "120"]
[EventDate "2014.12.13"]
[EventType "team-swiss"]
[EventRounds "10"]
[EventCountry "HUN"]
[Source "lmi"]
[SourceDate "2014.12.15"]
[WhiteTeam "Belarus"]
[BlackTeam "Austria"]
[WhiteTeamCountry "BLR"]
[BlackTeamCountry "AUT"]

1. d4 Nf6 2. c4 e6 3. Nc3 Bb4 4. e3 O-O 5. Nge2 c6 6. a3 Ba5 7. b4 Bc7 8. e4 d5
9. cxd5 exd5 10. e5 Ne8 11. Ng3 f6 12. exf6 Nxf6 13. Be2 Nbd7 14. O-O Nb6 15.
Qc2 Ng4 16. Bxg4 Bxg4 17. f3 Bxg3 18. hxg3 Qf6 19. Qf2 Rae8 20. Bf4 Bf5 21. Be5
Qg6 22. Rfe1 Nc4 23. a4 Re7 24. f4 Re6 25. b5 Qh5 26. Qa2 Qg4 27. Ne2 Ne3 28.
Rac1 Nxg2 29. Kf2 Be4 30. Qa3 Nxe1 31. Kxe1 Rh6 32. bxc6 Rh2 33. Qe3 Bf3 34.
Rc2 bxc6 35. Bd6 Rc8 36. a5 Bxe2 37. Rxe2 Rxe2+ 38. Qxe2 Qxg3+ 39. Kd2 Qg6 40.
Be5 Qf7 41. Qg4 Re8 42. Kc3 h5 43. Qg5 Re6 44. Qd8+ Kh7 45. Qg5 Qg6 46. Qd8
Qg3+ 47. Kb4 h4 48. Qd7 Qg4 49. Bxg7 Rg6 50. Qxg4 Rxg4 51. Be5 h3 52. f5 Rxd4+
53. Bxd4 h2 54. Bxa7 h1=Q 55. Bb6 Qb1+ 56. Kc5 Qb5+ 57. Kd6 Kg8 58. Ke6 Kf8 59.
f6 d4 60. f7 Qd5+ 0-1

[Event "Olympiada sub-16 2014"]
[Site "Gyor HUN"]
[Date "2014.12.20"]
[Round "9.2"]
[White "Yakubboev, Nodirbek"]
[Black "Stefanov, Emil"]
[Result "1-0"]
[WhiteElo "2144"]
[BlackElo "2134"]
[PlyCount "141"]
[EventDate "2014.12.13"]
[EventType "team-swiss"]
[EventRounds "10"]
[EventCountry "HUN"]
[Source "lmi"]
[SourceDate "2014.12.15"]
[WhiteTeam "Uzbekistan"]
[BlackTeam "Bulgaria"]
[WhiteTeamCountry "UZB"]
[BlackTeamCountry "BUL"]

1. d4 Nf6 2. Nf3 c5 3. c4 cxd4 4. Nxd4 e6 5. Nc3 Bb4 6. Ndb5 O-O 7. a3 Bxc3+ 8.
Nxc3 d5 9. e3 Nc6 10. Be2 dxc4 11. Bxc4 Qxd1+ 12. Kxd1 Ne5 13. Be2 Bd7 14. f3
Rfd8 15. Kc2 Rac8 16. e4 Nc6 17. Be3 e5 18. Rad1 Nd4+ 19. Kb1 Nxe2 20. Nxe2 a6
21. Bb6 Re8 22. Nc3 Bc6 23. Rd2 Nd7 24. Be3 f6 25. Rhd1 Nf8 26. Nd5 Ne6 27. Bb6
Kf7 28. b3 h5 29. Ne3 Kg8 30. Nf5 Ra8 31. a4 g6 32. Nd6 Re7 33. Nc4 Kf7 34. Kb2
Kg7 35. Ka3 Rc8 36. Nd6 Rh8 37. b4 Ra8 38. Kb3 Be8 39. b5 Bf7 40. Nxf7 Kxf7 41.
Rc1 axb5 42. axb5 Ree8 43. Kb4 Ke7 44. Rcd1 Kf7 45. Rd7+ Re7 46. R7d2 Ke8 47.
h4 Kf7 48. g3 Ke8 49. Rd6 Ra2 50. R6d2 Ra8 51. Rc1 Kf7 52. Rc3 Ree8 53. Rd7+
Re7 54. Rcd3 Ke8 55. Rxe7+ Kxe7 56. Bc5+ Nxc5 57. Kxc5 Ra2 58. Rb3 Rd2 59. Kb6
Rd7 60. Ka7 g5 61. b6 Ke8 62. Rc3 Kd8 63. Kb8 g4 64. fxg4 hxg4 65. h5 f5 66.
exf5 e4 67. h6 Rh7 68. Rc8+ Ke7 69. Rc7+ Kd6 70. Rxh7 e3 71. f6 1-0

[Event "Olympiada sub-16 2014"]
[Site "Gyor HUN"]
[Date "2014.12.20"]
[Round "9.1"]
[White "Kuruppu, Supun Dasantha"]
[Black "Karas, Marek"]
[Result "1-0"]
[WhiteElo "1896"]
[BlackElo "2170"]
[PlyCount "83"]
[EventDate "2014.12.13"]
[EventType "team-swiss"]
[EventRounds "10"]
[EventCountry "HUN"]
[Source "lmi"]
[SourceDate "2014.12.15"]
[WhiteTeam "Sri Lanka"]
[BlackTeam "Slovakia West"]
[WhiteTeamCountry "SRI"]

1. d4 Nf6 2. c4 e6 3. Nc3 Bb4 4. e3 O-O 5. Nge2 Re8 6. a3 Bf8 7. Ng3 d5 8. Bd3
c5 9. O-O Nc6 10. cxd5 exd5 11. Bc2 a6 12. Nh5 Ng4 13. h3 Qh4 14. Nf4 g5 15. g3
Qh6 16. hxg4 gxf4 17. Kg2 Qg7 18. Rh1 h6 19. Nxd5 cxd4 20. e4 Ne5 21. f3 d3 22.
Bxd3 Be6 23. Rb1 f5 24. Bxf4 fxg4 25. Bxe5 Qxe5 26. f4 Qd4 27. Nc7 Bc5 28. Qe2
Bf5 29. Nxe8 Rxe8 30. Rhe1 h5 31. Rbd1 Be6 32. Bb5 axb5 33. Rxd4 Bxd4 34. Qxb5
Rc8 35. Qg5+ Kf8 36. Qh6+ Ke7 37. Qh7+ Kf8 38. Re2 Rc1 39. Rd2 Bb6 40. Qxb7 Ba5
41. Qa8+ Kf7 42. Qxa5 1-0